000 nkm a22 a 4500
999 _c398296
_d398296
003 BLK
005 20210212130344.0
008 210209b bu ||||| |||| 00| 0 bu d
040 _aBLK
041 _aRUS
_cRUS
080 _aЖивопис - Портрети
_b75.041.5
_x(477)
_z75.041.5(477)
245 _a Портретная живопись ХVІІ - ХVІІІ вв.
_cПлатон Белецкий
257 _aSUN
260 _9210588
_aЛенинград
_bИскусство
_c1981
_n5-
300 _a258 с.
_bс ил.
_c29 см
380 _a7
650 0 _9305805
_aПортретна живопис
653 0 _9440840
_aпортретна живопис
852 _aЦб ІІ 28762
_bО
942 _cGRA
_n0
_s1
944 _aCR
_c2021-02-12
_kИ.Р.
999 _d398296
999 _d398296